For space

Αποθηκεύτηκε σε:
Λεπτομέρειες βιβλιογραφικής εγγραφής
Κύριος συγγραφέας: Massey, Doreen B.
Μορφή: Βιβλίο
Γλώσσα:English
Δημοσίευση: London; Thousand Oaks, Calif. : Sage, 2005
Θέματα:
Ετικέτες: Προσθήκη ετικέτας
Δεν υπάρχουν, Καταχωρήστε ετικέτα πρώτοι!

MARC

LEADER 00000nam a2200000 i 4500
001 1/47018
008 070628s2005 eng d
020 |a 978-1-4129-0362-2 (pbk.) 
020 |a 1-4129-0362-9 (pbk.) 
035 |l 10088529 
040 |a GR-MY-UA  |b gre  |e aacr 
041 0 |a eng 
082 0 |a 304.201  |2 (22) 
100 1 |a Massey, Doreen B. 
245 1 0 |a For space /  |c Doreen Massey 
260 |a London; Thousand Oaks, Calif. :   |b Sage,   |c 2005 
300 |a viii, 222 σ.;  |b εικ., χάρτες;  |c 25 εκ. 
504 |a Περιέχει βιβλιογραφία (σ. 204-216) και ευρετήριο 
650 0 0 |a Geographical perception. 
650 0 0 |a Political geography. 
650 0 0 |a Globalization. 
650 0 0 |a Regionalism  |x Philosophy. 
852 |a INST  |b LESVOS  |e 20070628  |h 304.201 MAS  |p 005100037991  |q 005100037991  |t BK  |y 0 
901 |a BIBL1-2007-2 
909 |a Λ  |b 135400 
922 |a 1ΕΛΗ  |b 200706  |c ΕΠΕΑΕΚ2/ΤΓ  |d ΠΑΠΑΣΩΤΗΡΙΟΥ 
970 |a ΚΑΡΑ  |b ΓΙΑΣΕΜΗ  |z 2007/06/28